[Event "Mumbai Wealth op"]
[Site "Mumbai"]
[Date "2016.02.03"]
[Round "7"]
[White "Shirodkar, Abhishek"]
[Black "Shirish, Khodwe"]
[Result "0-1"]
[WhiteElo "1009"]
[BlackElo "1566"]
[PlyCount "91"]
[EventDate "2016.01.28"]
[EventType "swiss"]
[EventRounds "9"]
[EventCountry "IND"]
[SourceTitle "CBM 170 Extra"]
[Source "ChessBase"]
[SourceDate "2016.02.25"]
[SourceVersion "1"]
[SourceVersionDate "2016.02.25"]
[SourceQuality "1"]

1. e4 c5 2. c3 d5 3. exd5 Qxd5 4. d4 cxd4 5. cxd4 Nc6 6. Nf3 e6 7. Nc3 Bb4 8. Be2 Nf6 9. 0-0 Bxc3 10. bxc3 Qd6 11. Qb3 Qc7 12. Ba3 Bd7 13. Rab1 Na5 14. Qb4 Nd5 15. Qb2 Qxc3 16. Bb4 Qxb2 17. Rxb2 Nxb4 18. Rxb4 f6 19. Bb5 Bxb5 20. Rxb5 b6 21. Re1 Kd7 22. d5 e5 23. Nd2 Rac8 24. Reb1 Rc2 25. R1b2 Rc1+ 26. Nf1 Rhc8 27. g3 R8c2 28. Rxc2 Rxc2 29. a4 Rc1 30. Kg2 Nc4 31. h4 Rc2 32. Rb1 Kd6 33. Rb5 Ra2 34. Rb4 Kxd5 35. Kf3 e4+ 36. Kg2 e3 37. Rb5+ Ke6 38. Rb1 Rxf2+ 39. Kg1 Rc2 40. Nxe3 Nxe3 41. Re1 Rg2+ 42. Kh1 Rxg3 43. Kh2 Rg4 44. Rxe3+ Kf7 45. Ra3 Rxh4+ 46. Kg2 0-1

[Event "Mumbai Wealth op"]
[Site "Mumbai"]
[Date "2016.01.31"]
[Round "4"]
[White "Shirish, Khodwe"]
[Black "Arjun, Adappa"]
[Result "0-1"]
[WhiteElo "1566"]
[BlackElo "1960"]
[PlyCount "50"]
[EventDate "2016.01.28"]
[EventType "swiss"]
[EventRounds "9"]
[EventCountry "IND"]
[SourceTitle "CBM 170 Extra"]
[Source "ChessBase"]
[SourceDate "2016.02.25"]
[SourceVersion "1"]
[SourceVersionDate "2016.02.25"]
[SourceQuality "1"]

1. e4 Nf6 2. e5 Nd5 3. c4 Nb6 4. d4 d6 5. f4 dxe5 6. fxe5 Nc6 7. Nf3 Bg4 8. Be3 e6 9. h3 Bxf3 10. gxf3 Qh4+ 11. Bf2 Qf4 12. Qe2 Qc1+ 13. Qd1 Qxb2 14. Nd2 Nxd4 15. Bd3 Bc5 16. Rb1 Qc3 17. Bxd4 Qxd4 18. Qe2 0-0-0 19. Nb3 Qc3+ 20. Kf1 Rxd3 21. Nxc5 Rxf3+ 22. Kg2 Re3 23. Qb2 Qxc4 24. Rhe1 Qd5+ 25. Kg1 Qxc5 0-1